| 000 -LEADER |
| fixed length control field |
03641cam a2200349 i 4500 |
| 001 - CONTROL NUMBER |
| control field |
.b13390594 |
| 003 - CONTROL NUMBER IDENTIFIER |
| control field |
OSt |
| 005 - DATE AND TIME OF LATEST TRANSACTION |
| control field |
20190814113415.0 |
| 008 - FIXED-LENGTH DATA ELEMENTS--GENERAL INFORMATION |
| fixed length control field |
170307s2015 nyuab b 001 0 eng |
| 020 ## - INTERNATIONAL STANDARD BOOK NUMBER |
| International Standard Book Number |
9780062316110 |
| Qualifying information |
(pbk.) |
| 035 ## - SYSTEM CONTROL NUMBER |
| System control number |
(OCoLC)896791508 |
| Canceled/invalid control number |
(OCoLC)870564085 |
| -- |
(OCoLC)902701563 |
| -- |
(OCoLC)902837525 |
| -- |
(OCoLC)903697450 |
| -- |
(OCoLC)910091157 |
| 040 ## - CATALOGING SOURCE |
| Original cataloging agency |
DLC |
| Language of cataloging |
eng |
| Transcribing agency |
DLC |
| Modifying agency |
IG# |
| -- |
UPZ |
| -- |
YDXCP |
| -- |
BDX |
| -- |
GK8 |
| -- |
JAI |
| -- |
ZHB |
| -- |
BKL |
| -- |
ILC |
| -- |
JQM |
| -- |
UOK |
| -- |
YAM |
| -- |
AZT |
| -- |
DAC |
| -- |
OCLCF |
| -- |
DAD |
| -- |
NDS |
| -- |
YBM |
| -- |
COO |
| -- |
IXA |
| -- |
CIA |
| -- |
MEAUC |
| -- |
OMB |
| -- |
BTCTA |
| -- |
TLE |
| -- |
OCLCO |
| -- |
BUR |
| -- |
CGN |
| -- |
DEBSZ |
| -- |
OCLCO |
| 041 1# - LANGUAGE CODE |
| Language code of text/sound track or separate title |
eng |
| Language code of original |
heb |
| 042 ## - AUTHENTICATION CODE |
| Authentication code |
nbic |
| 082 ## - DEWEY DECIMAL CLASSIFICATION NUMBER |
| Classification number |
909 HAR |
| 100 1# - MAIN ENTRY--PERSONAL NAME |
| Personal name |
Harari, Yuval N. |
| Relator term |
author |
| 240 10 - UNIFORM TITLE |
| Uniform title |
Ḳitsur toldot ha-enoshut. |
| Language of a work |
English. |
| 245 10 - TITLE STATEMENT |
| Title |
Sapiens : |
| Remainder of title |
a brief history of humankind / |
| Statement of responsibility, etc. |
Yuval Noah Harari. |
| 250 ## - EDITION STATEMENT |
| Edition statement |
1st U.S. ed. |
| 260 ## - PUBLICATION, DISTRIBUTION, ETC. |
| Place of publication, distribution, etc. |
New York : |
| Name of publisher, distributor, etc. |
Harper, |
| Date of publication, distribution, etc. |
c2015. |
| 300 ## - PHYSICAL DESCRIPTION |
| Extent |
443 p. : |
| Other physical details |
ill., map ; |
| Dimensions |
24 cm. |
| 504 ## - BIBLIOGRAPHY, ETC. NOTE |
| Bibliography, etc. note |
Includes bibliographical references and index. |
| 505 0# - FORMATTED CONTENTS NOTE |
| Formatted contents note |
Timeline of history -- pt. One : The cognitive revolution : An animal of no significance ; The tree of knowledge ; A day in the life of Adam and Eve ; The flood -- pt. Two. The agricultural revolution : History's biggest fraud ; Building pyramids ; Memory overload ; There is no justice in history -- pt. Three. The unification of humankind : The arrow of history ; The scent of money ; Imperial visions ; The law of religion ; The secret of success -- pt. Four. The scientific revolution : The discovery of ignorance ; The marriage of science and empire ; The capitalist creed ; The wheels of industry ; A permanent revolution ; And they lived happily ever after ; The end of Homo sapiens -- Afterword: The animal that became a god. |
| 520 ## - SUMMARY, ETC. |
| Summary, etc. |
"From a renowned historian comes a groundbreaking narrative of humanity's creation and evolution--a #1 international bestseller--that explores the ways in which biology and history have defined us and enhanced our understanding of what it means to be "human." One hundred thousand years ago, at least six different species of humans inhabited Earth. Yet today there is only one--homo sapiens. What happened to the others? And what may happen to us? Most books about the history of humanity pursue either a historical or a biological approach, but Dr. Yuval Noah Harari breaks the mold with this highly original book that begins about 70,000 years ago with the appearance of modern cognition. From examining the role evolving humans have played in the global ecosystem to charting the rise of empires, Sapiens integrates history and science to reconsider accepted narratives, connect past developments with contemporary concerns, and examine specific events within the context of larger ideas .Dr. Harari also compels us to look ahead, because over the last few decades humans have begun to bend laws of natural selection that have governed life for the past four billion years. We are acquiring the ability to design not only the world around us, but also ourselves. Where is this leading us, and what do we want to become? Featuring 27 photographs, 6 maps, and 25 illustrations/diagrams, this provocative and insightful work is sure to spark debate and is essential reading for aficionados of Jared Diamond, James Gleick, Matt Ridley, Robert Wright, and Sharon Moalem"-- |
| Assigning source |
Provided by publisher. |
| 650 #0 - SUBJECT ADDED ENTRY--TOPICAL TERM |
| Topical term or geographic name entry element |
Civilization |
| General subdivision |
History. |
| 650 #0 - SUBJECT ADDED ENTRY--TOPICAL TERM |
| Topical term or geographic name entry element |
Human beings |
| General subdivision |
History. |
| 650 #0 - SUBJECT ADDED ENTRY--TOPICAL TERM |
| Topical term or geographic name entry element |
World history. |
| 650 #0 - SUBJECT ADDED ENTRY--TOPICAL TERM |
| Topical term or geographic name entry element |
Chronology, Historical. |
| 650 #0 - SUBJECT ADDED ENTRY--TOPICAL TERM |
| Topical term or geographic name entry element |
Technology and civilization |
| General subdivision |
History. |
| 856 42 - ELECTRONIC LOCATION AND ACCESS |
| Materials specified |
Cover image |
| Uniform Resource Identifier |
<a href="static.harpercollins.com/harperimages/isbn/large/7/9780062316097.jpg">static.harpercollins.com/harperimages/isbn/large/7/9780062316097.jpg</a> |
| 942 ## - ADDED ENTRY ELEMENTS (KOHA) |
| Source of classification or shelving scheme |
|
| Koha item type |
Books - Non Ficton |